000 00675nam a2200253Ia 4500
003 OSt
005 20221007105540.0
006 a|||||r|||| 00| 0
007 ta
008 221006b |||||||| |||| 00| 0 eng d
024 _a18,857
037 _cTextual
040 _aLCO
_cLCO
_beng
041 _2eng
_aeng
082 _aZ2,2,4qM82, L6
100 _aSubbarao G.C.V
_9632028
245 0 _aCommentaries on the Transfer of Property Act
250 _a9th
260 _aMadras
_bC. Subbiah Chetty & Co, India
_c1976
300 _a496
650 _aPROPERTY
_9334647
942 _hZ2,2,4qM82, L6
_cTEXL
999 _c1188420
_d1188420